Statistics for Countries With The Largest Population

Click here to take the quiz!

General Stats

  • This quiz has been taken 20 times
  • The average score is 13 of 15

Answer Stats

NumberAnswer% Correct
5Brazil
100%
1China
100%
2India
100%
11Mexico
100%
3USA
100%
10Japan
95%
6Pakistan
95%
9Russia
95%
4Indonesia
89%
8Bangladesh
84%
14Egypt
84%
7Nigeria
79%
13Philippines
79%
12Ethiopia
74%
15Vietnam
74%

Score Distribution

Percentile by Number Answered

Percent of People with Each Score

Your Score History

You have not taken this quiz